| 000 | 01274nam0a22002771 4500 | ||
|---|---|---|---|
| 001 | rc\2864745 | ||
| 005 | 20110713202627.3 | ||
| 035 | _a(NLR Aleph) 007018607 | ||
| 090 |
_a5886585 _c5886585 |
||
| 100 | _a20110713d1931 |||y0rusy50 ca | ||
| 101 | 0 | _arus | |
| 102 | _aRU | ||
| 105 | _ay z ||||| | ||
| 200 | 1 |
_a[Отделение масличный культур] _eУдобрение под масличные культуры _fК.Д. Дмитриев |
|
| 210 |
_a[Москва] _cСельколхозгиз _d1931 _g8-я тип. "Мосполиграф" |
||
| 215 |
_a38 с. _d19х14 см |
||
| 225 | 1 |
_aДля бригадиров _fЦентр. ин-т заоч. обуч. Наркомзема СССР и Молодежный ин-т ЦК ВЛКСМ. Отд. масличных культур _vЗадание 5 |
|
| 300 | _aВ розничную продажу не поступает | ||
| 300 | _aБез тит. л. и обложки | ||
| 702 | 1 |
_aДмитриев _bК. Д. _4570 |
|
| 710 | 0 | 2 |
_aЦентральный институт заочной подготовки сельско-хозяйственных кадров _cМосква |
| 801 | 0 |
_aRU _bNLR _gpsbo |
|
| 801 | 1 |
_aRU _bELAR _2rusmarc |
|
| 852 |
_aNLR _j32-17/237 |
||
| 942 | _cBOOK | ||
| 980 | _aNB | ||